000 00346 a2200169 4500
001 184748
020 _a978-85-250-4583-6
040 _cMagnum
100 _aLobato, Monteiro
240 1 0 _aFábulas
_lpor
245 1 0 _aFábulas
300 _a119
362 0 _a2008
440 1 _aGlobo
697 _aLITERATURA INFANTO-JUVENIL
942 _cBK
999 _c184748
_d184748